FC 25 TOTW 21 - Statistics

General Stats
  • This quiz has been taken 3 times
  • The average score is 7 of 23
Answer Stats
rat pos club player % Correct
TOTW 89 ST Al-Nassr Cristiano Ronaldo
100%
TOTW 87 LM Bayern Munich Kingsley Coman
67%
TOTW 87 LB Arsenal Myles Lewis-Skelly
67%
TOTW 87 CAM Marseille Adrien Rabiot
33%
TOTW 87 LW Universitatea Craiova Alexandru Mitriță
33%
TOTW 85 ST Nottingham Forest Anthony Elanga
33%
TOTW 85 GK Espanyol Joan García
33%
TOTW 85 CDM Ajax Jordan Henderson
33%
TOTW 85 LB Leeds United Junior Firpo
33%
TOTW 85 ST İstanbul Başakşehir Krzysztof Piątek
33%
TOTW 87 LW Valencia Luis Rioja
33%
TOTW 87 CDM Arsenal Women Mariona Caldentey
33%
TOTW 85 ST AS Monaco Mika Biereth
33%
TOTW 86 ST Juventus Randal Kolo Muani
33%
TOTW 85 RW Lecce Santiago Pierotti
33%
TOTW 85 CM Villarreal Santi Comesaña
33%
TOTW 87 CB Inter Milan Stefan de Vrij
33%
TOTW 87 CB Borussia Dortmund Waldamar Anton
33%
TOTW 85 LM Leyton Orient Azeem Abdulai
0%
TOTW 85 RW Dijon Féminine Klaudia Jedlińska
0%
TOTW 85 ST Werder Frauen Larissa Mühlhaus
0%
TOTW 85 RB Levante Femenino María de Alharilla
0%
TOTW 85 RM Nantes Matthis Abline
0%
No matching quizzes found
Score Distribution
Percent of People with Each Score
Percentile by Number Answered
Your Score History
You have not taken this quiz